Fruits et Légumes qui commencent par la lettre - B - Statistiques

Statistiques générales
  • Ce quiz a été pris 117 fois
  • Le résultat moyen est 7 sur 11
Statistiques - réponses
Par images Réponse % Correct
Banane
100%
Betterave
92%
Basilic
86%
Brocolis
81%
Butternut
79%
Brugnon
69%
Batavia
60%
Blette
55%
Baie de Goji
32%
Bergamote
16%
Barbadine
2%
Aucun quiz correspondant
Distribution des résultats
% des personnes avec chaque résultat
Percentile par nombre de réponses
Votre historique - résultats
Vous n’avez pas pris ce quiz